Statistics for U.S. Fast Food Menu Items

Click here to take the quiz!

General Stats

  • This quiz has been taken 8,261 times
  • The average score is 11 of 20

Answer Stats

HintItem% Correct
Two patties, special sauce, etc...Big Mac
94%
Burger King's signature burgerWhopper
93%
A meal in a box for kids at McDonald'sHappy Meal
81%
McDonald's most famous breakfast sandwichEgg McMuffin
77%
Dairy Queen's most popular itemBlizzard
74%
Wendy's signature dessert itemFrosty
68%
Sandwich that McDonald's is always bringing back and taking awayMcRib
68%
McDonald's answer to the aboveMcFlurry
67%
Starbucks fall seasonal lattePumpkin Spice Latte
56%
McDonald's sandwich for Catholics on FridayFilet-O-Fish
52%
32 oz beverage at 7-11Big Gulp
51%
St. Patrick's Day themed milkshakeShamrock Shake
51%
In France, it's called a "Royale with Cheese"Quarter Pounder with Cheese
48%
Breakfast sandwich made with maple-flavored pancakesMcGriddle
46%
Taco with a shell made of Dorito materialDoritos Locos
40%
Little Caesar's brand of breadsticksCrazy Bread
35%
"Secret" In-N-Out fries order that comes with melted cheese and thousand island{Animal}-Style
31%
Bacon and cheese between two pieces of fried chickenDouble Down
26%
Dunkin' Donuts brand of Oz-inspired donut holesMunchkins
22%
Case of thirty White Castle slidersCrave Case
12%

Score Distribution

Percentile by Number Answered

Percent of People with Each Score

Your Score History

You have not taken this quiz